DHARMASURI & HIS WORK: (Record no. 190563)

MARC details
000 -LEADER
fixed length control field 00599nam a22001817a 4500
005 - DATE AND TIME OF LATEST TRANSACTION
control field 20220727161716.0
010 ## - LCCN (DPL NO)
LC control number ENG-134047
020 ## - INTERNATIONAL STANDARD BOOK NUMBER
International Standard Book Number 9788126041329
035 ## - SYSTEM CONTROL NUMBER
System control number EN-117579
037 ## - SOURCE OF ACQUISITION
Source of stock number/acquisition DBAD/PUB
082 ## - DEWEY DECIMAL CLASSIFICATION NUMBER
Classification number 891.2109
100 ## - MAIN ENTRY--PERSONAL NAME
Personal name Sankarnarayan, Kapakam
245 ## - TITLE STATEMENT
Title DHARMASURI & HIS WORK:
Remainder of title A Critical Exposition/
Statement of responsibility, etc Kapakam Sankarnarayan
260 ## - PUBLICATION, DISTRIBUTION, ETC. (IMPRINT)
Place of publication, distribution, etc New Delhi
Name of publisher, distributor, etc Sahitya Akademi
Date of publication, distribution, etc 2013
270 ## - ADDRESS
Address Sahitya Akademi, Rabindra Bhavan, 35,Ferozeshah Road,
City New Delhi
Postal code 110002
300 ## - PHYSICAL DESCRIPTION
Extent 408p.:
Dimensions 21m(Pbk)
Other physical details Biblography & Journal
942 ## - ADDED ENTRY ELEMENTS (KOHA)
Source of classification or shelving scheme Dewey Decimal Classification
Item type English Books
Classification part 891.2109
Call number suffix SAN
Holdings
Withdrawn status Lost status Not for loan Collection code Home library Current library Date acquired Source of acquisition Cost, normal purchase price Full call number Barcode Copy number Cost, replacement price Koha item type
      Non-fiction Bawana Bawana 27/07/2022 DBAD/PUB 195.00 891.2109 SAN EN-117579 1 195.00 English Books

© Delhi Public Library
Hit Counter
free hit counter